<?xml version="1.0" encoding="UTF-8"?>
<record
    xmlns:xsi="http://www.w3.org/2001/XMLSchema-instance"
    xsi:schemaLocation="http://www.loc.gov/MARC21/slim http://www.loc.gov/standards/marcxml/schema/MARC21slim.xsd"
    xmlns="http://www.loc.gov/MARC21/slim">

  <leader>04111cam a22004574i 4500</leader>
  <controlfield tag="003">PE-LiUPU</controlfield>
  <controlfield tag="005">20250731165436.0</controlfield>
  <controlfield tag="008">160512s2001    xxua   grm    000 0 eng d</controlfield>
  <datafield tag="035" ind1=" " ind2=" ">
    <subfield code="a">(Sirsi) a156704</subfield>
  </datafield>
  <datafield tag="040" ind1=" " ind2=" ">
    <subfield code="a">PE-LiUPU</subfield>
    <subfield code="b">spa</subfield>
    <subfield code="c">PE-LiUPU</subfield>
    <subfield code="e">rda</subfield>
  </datafield>
  <datafield tag="099" ind1=" " ind2=" ">
    <subfield code="a">SP 4</subfield>
    <subfield code="b">G19  2001</subfield>
  </datafield>
  <datafield tag="100" ind1="1" ind2=" ">
    <subfield code="a">G&#xE1;lvez Vivanco, C&#xE9;sar Augusto</subfield>
    <subfield code="e">autor</subfield>
  </datafield>
  <datafield tag="245" ind1="1" ind2=" ">
    <subfield code="a">How peruvian mothers appraise pneumonia and the predictors of their intention to seek medical care when their children have signs of pneumonia /</subfield>
    <subfield code="c">C&#xE9;sar Augusto G&#xE1;lvez Vivanco.</subfield>
  </datafield>
  <datafield tag="264" ind1=" " ind2="0">
    <subfield code="c">2001.</subfield>
  </datafield>
  <datafield tag="300" ind1=" " ind2=" ">
    <subfield code="a">154 hojas </subfield>
    <subfield code="c">30 cm</subfield>
  </datafield>
  <datafield tag="336" ind1=" " ind2=" ">
    <subfield code="a">text</subfield>
    <subfield code="2">rdacontent</subfield>
  </datafield>
  <datafield tag="337" ind1=" " ind2=" ">
    <subfield code="a">unmediated</subfield>
    <subfield code="2">rdamedia</subfield>
  </datafield>
  <datafield tag="338" ind1=" " ind2=" ">
    <subfield code="a">volume</subfield>
    <subfield code="2">rdacarrier</subfield>
  </datafield>
  <datafield tag="502" ind1=" " ind2=" ">
    <subfield code="a">Tesis</subfield>
    <subfield code="b">(Dr.) -- </subfield>
    <subfield code="c">&gt;Loma Linda University,</subfield>
    <subfield code="d">2001.</subfield>
  </datafield>
  <datafield tag="504" ind1=" " ind2=" ">
    <subfield code="a">Incluye referencias</subfield>
  </datafield>
  <datafield tag="520" ind1="3" ind2=" ">
    <subfield code="a">Pneunomia ocupa el primer lugar los problemas de salud que exigen atenci&#xF3;n, y en segundo lugar en la causa de la mortalidad de los ni&#xF1;os menores de cinco a&#xF1;os ODL en Per&#xFA; (Toledo y Minaya, 1999). Los estudios sobre los determinantes de comportamiento que influyen en las madres a buscar ayuda m&#xE9;dica para su ni&#xF1;o con signos de neumon&#xED;a no se centran en la contribuci&#xF3;n de los factores determinantes del comportamiento a la intenci&#xF3;n de buscar ayuda m&#xE9;dica. Usando la teor&#xED;a del comportamiento planificado (TPB) y un dise&#xF1;o transversal, los objetivos de este estudio fueron conocer en primer lugar, las percepciones de madres peruanas sobre el conocimiento y reconocimiento de la neumon&#xED;a, y sobre la campa&#xF1;a del gobierno sobre la neumon&#xED;a. En segundo lugar, las percepciones de las actitudes, normas y control de las madres que influyen su intenci&#xF3;n de buscar ayuda m&#xE9;dica. Se seleccionaron 501 madres al azar de la Asentamientos Humanos (AH) de Lima y fueron entrevistados en junio y julio de 2000. Los datos fueron analizados utilizando estad&#xED;stica descriptiva, an&#xE1;lisis factorial, y un modelo de regresi&#xF3;n lineal. Se utiliz&#xF3; el an&#xE1;lisis ruta para identificar predictores de la intenci&#xF3;n. La mayor&#xED;a de las madres cre&#xED;an que la neumon&#xED;a era peligroso. 58,7% indic&#xF3; que la neumon&#xED;a era causada por la falta de atenci&#xF3;n de sus padres. S&#xF3;lo el 28,9% cree que un virus causa la neumon&#xED;a. M&#xE1;s del 80% eligi&#xF3; correctamente la respiraci&#xF3;n r&#xE1;pida y / o retracci&#xF3;n del pecho de una lista de posibles signos y s&#xED;ntomas de forma encaminadas a reconocer la neumon&#xED;a, y el 94,6% dijeron que estaban dispuestos a llevar a su hijo al centro de salud m&#xE1;s cercano si pensaban que su ni&#xF1;o ten&#xED;a neumon&#xED;a. A pesar de que el 57,1% dijo que hab&#xED;a o&#xED;do hablar de la GPC, s&#xF3;lo 61 madres fueron capaces de recordar el lema de alguna manera. La respuesta de las madres a los elementos de intenci&#xF3;n de mostrar que definitivamente intentaron llevar a sus hijos al centro de salud m&#xE1;s cercano. A pesar de que el 37,4% se sentir&#xED;a nervioso 30% se sentir&#xED;a tranquila. 54% tienden a sentirse muy presionados a buscar ayuda m&#xE9;dica por referentes importantes. Se sienten seguros de s&#xED; mismos; Sin embargo, ellos no tienen suficiente dinero. De las madres entrevistadas 16.4% no estaban al tanto de la neumon&#xED;a y sus posibles consecuencias. La mayor&#xED;a de ellos dijeron que pod&#xED;an reconocer la neumon&#xED;a trav&#xE9;s de los signos promovidas por campa&#xF1;a de neumon&#xED;a del gobierno. norma subjetiva fue el mejor perdictor de la intenci&#xF3;n. Estos resultados sugieren que la campa&#xF1;a de neumon&#xED;a del gobierno debe poner de relieve la presi&#xF3;n social para alentar a las madres a buscar ayuda m&#xE9;dica.</subfield>
  </datafield>
  <datafield tag="526" ind1=" " ind2=" ">
    <subfield code="a">SEG44</subfield>
  </datafield>
  <datafield tag="526" ind1=" " ind2=" ">
    <subfield code="a">SEG26</subfield>
  </datafield>
  <datafield tag="526" ind1=" " ind2=" ">
    <subfield code="a">P151</subfield>
  </datafield>
  <datafield tag="526" ind1=" " ind2=" ">
    <subfield code="a">P150</subfield>
  </datafield>
  <datafield tag="526" ind1=" " ind2=" ">
    <subfield code="a">P149</subfield>
  </datafield>
  <datafield tag="526" ind1=" " ind2=" ">
    <subfield code="a">P146</subfield>
  </datafield>
  <datafield tag="526" ind1=" " ind2=" ">
    <subfield code="a">P145</subfield>
  </datafield>
  <datafield tag="526" ind1=" " ind2=" ">
    <subfield code="a">P126</subfield>
  </datafield>
  <datafield tag="526" ind1=" " ind2=" ">
    <subfield code="a">P125</subfield>
  </datafield>
  <datafield tag="526" ind1=" " ind2=" ">
    <subfield code="a">P92</subfield>
  </datafield>
  <datafield tag="526" ind1=" " ind2=" ">
    <subfield code="a">P75</subfield>
  </datafield>
  <datafield tag="526" ind1=" " ind2=" ">
    <subfield code="a">P74</subfield>
  </datafield>
  <datafield tag="526" ind1=" " ind2=" ">
    <subfield code="a">P27</subfield>
  </datafield>
  <datafield tag="526" ind1=" " ind2=" ">
    <subfield code="a">P15</subfield>
  </datafield>
  <datafield tag="650" ind1="0" ind2="4">
    <subfield code="a">Madres</subfield>
    <subfield code="x">Neumon&#xED;a en ni&#xF1;os.</subfield>
  </datafield>
  <datafield tag="650" ind1="0" ind2="4">
    <subfield code="a">Neumon&#xED;a en ni&#xF1;os</subfield>
    <subfield code="x">Prevenci&#xF3;n.</subfield>
  </datafield>
  <datafield tag="596" ind1=" " ind2=" ">
    <subfield code="a">1</subfield>
  </datafield>
  <datafield tag="942" ind1=" " ind2=" ">
    <subfield code="2">ddc</subfield>
    <subfield code="c">TESIS</subfield>
  </datafield>
  <datafield tag="999" ind1=" " ind2=" ">
    <subfield code="a">SP 4 G19  2001</subfield>
    <subfield code="w">ALPHANUM</subfield>
    <subfield code="c">9354</subfield>
    <subfield code="i">T00427</subfield>
    <subfield code="l">CCODEBUL3</subfield>
    <subfield code="m">BUL</subfield>
    <subfield code="r">1</subfield>
    <subfield code="s">Y</subfield>
    <subfield code="t">TESIS</subfield>
    <subfield code="u">2016-5-12</subfield>
    <subfield code="x">POSGRADO</subfield>
    <subfield code="z">UNKNOWN</subfield>
    <subfield code="o">.STAFF. Tesis</subfield>
    <subfield code="d">9354</subfield>
  </datafield>
  <datafield tag="980" ind1=" " ind2=" ">
    <subfield code="8">1</subfield>
    <subfield code="g">ALBERTO SANCHEZ Responsable de Automatizaci&#xF3;n</subfield>
  </datafield>
  <datafield tag="952" ind1=" " ind2=" ">
    <subfield code="r">2022-07-06 00:00:00</subfield>
    <subfield code="l">0</subfield>
    <subfield code="o">SP 4 G19  2001</subfield>
    <subfield code="p">T00427</subfield>
    <subfield code="t">e1</subfield>
    <subfield code="w">2016-05-12</subfield>
    <subfield code="y">TESIS</subfield>
    <subfield code="z">Este &#xCD;tem NO se presta por ser Ejemplar #1.</subfield>
    <subfield code="1">0</subfield>
    <subfield code="2">ddc</subfield>
    <subfield code="7">1</subfield>
    <subfield code="8">TESIS</subfield>
    <subfield code="a">BUL</subfield>
    <subfield code="b">BUL</subfield>
    <subfield code="c">TESIS</subfield>
    <subfield code="d">2016-05-12</subfield>
  </datafield>
</record>
